000
00343nam a2200145Ia 4500
008
230718s9999 xx 000 0 und d
041
_a
Eng.
082
_a
342.7
_b
CHU-I
100
_a
Chughtar,K,Shehzad
245
0
_a
Intellectual Property Laws
260
_a
Pakistan
_b
Mangar law bare
_c
2011
300
_a
955
650
_a
Law
999
_c
27618
_d
27618